| 000 | 00722nas a2200253 4500 | ||
|---|---|---|---|
| 001 | BR9502518 | ||
| 003 | BR-BrBNA | ||
| 005 | 20231205094329.0 | ||
| 007 | ta | ||
| 008 | 230509b bl.|||p| |||| 00| 00por d | ||
| 040 |
_aBR-BrBNA _bpor _cBiblioteca Nacional de Agricultura |
||
| 041 | _a(Pt) | ||
| 072 | _aQ02 | ||
| 100 | 1 | _aPastore, G.M. | |
| 100 | 1 | _aPark, Y.K. | |
| 245 | 1 | _aProducao de monoleina por lipase microbiana | |
| 650 | _aLipase | ||
| 650 | _aFungo | ||
| 650 | _aEnzima | ||
| 650 | _aTecnologia de Alimento | ||
| 773 | 0 |
_tCiencia e Tecnologia de Alimentos (Brazil) _xISSN 0101-2061 _g(Jan-Jun 1993), v. 13(1) p. 13-21 _wBR9502518 |
|
| 909 |
_a202311 _bLúcia _c55 _dLúcia Elande |
||
| 942 |
_2AGRIS _n0 _cANA |
||
| 999 |
_c143625 _d143625 |
||